| 000 | 01287nam a2200445Ia 4500 | ||
|---|---|---|---|
| 001 | 4305 | ||
| 003 | OSt | ||
| 005 | 20250314140705.0 | ||
| 008 | 241029s99992014dr ad m 001 0 spa d | ||
| 010 | _a4 | ||
| 040 |
_aCGIP0041 _bspa _cCGIP0041 |
||
| 041 | _aEspañol | ||
| 082 | _aNO APLICA | ||
| 245 | 0 | _aComprensión lectora y escrita en Educación Básica como plataformas de la Educación Media en el Liceo José Francisco Peña Gómez. Período 2013-2014. | |
| 260 | _aMonseñor Nouel | ||
| 300 | _a92 | ||
| 520 | _a6 | ||
| 520 | _aPara visualizar este estudio en su totalidad haga click aquí | ||
| 630 | _aActitudes | ||
| 630 | _aAptitudes | ||
| 630 | _aCompetencia Lingüística | ||
| 630 | _aCompetencias Ortográficas | ||
| 630 | _aDocentes | ||
| 650 | _aLengua Española | ||
| 690 | _aCopiado sin cambios | ||
| 700 |
_easesor _a Bautista Brazobán, Gerardo |
||
| 700 |
_eautor _aCapellán Nolberto, Julia |
||
| 901 |
_a{"1":"Capellán Nolberto"} _b{"1":"Julia "} |
||
| 902 | _a1 | ||
| 903 |
_a{"1":" Bautista Brazobán"} _b{"1":"Gerardo"} |
||
| 904 | _aMaestría en | ||
| 905 | _aDocencia Universitaria | ||
| 906 | _a2 | ||
| 907 | _aNO APLICA | ||
| 908 | _aNO APLICA | ||
| 910 | _aNULL | ||
| 911 | _a["1"] | ||
| 942 |
_cTesis _2ddc |
||
| 999 |
_c4 _d4 |
||